<?xml version="1.0" encoding="UTF-8"?>
<record
    xmlns:xsi="http://www.w3.org/2001/XMLSchema-instance"
    xsi:schemaLocation="http://www.loc.gov/MARC21/slim http://www.loc.gov/standards/marcxml/schema/MARC21slim.xsd"
    xmlns="http://www.loc.gov/MARC21/slim">

  <leader>02192na  a2200433   4500</leader>
  <controlfield tag="001">22692</controlfield>
  <controlfield tag="003">MIRAKIL</controlfield>
  <controlfield tag="005">20181213154959.0</controlfield>
  <controlfield tag="008">170223b        tu            000 0      </controlfield>
  <datafield tag="040" ind1=" " ind2=" ">
    <subfield code="a">Milas</subfield>
    <subfield code="b">tur</subfield>
    <subfield code="c">TR-AnCHP</subfield>
  </datafield>
  <datafield tag="041" ind1=" " ind2=" ">
    <subfield code="a">tur</subfield>
  </datafield>
  <datafield tag="082" ind1=" " ind2=" ">
    <subfield code="a">CHP 305.23</subfield>
    <subfield code="b">C3634g [2008-2010]</subfield>
  </datafield>
  <datafield tag="090" ind1=" " ind2=" ">
    <subfield code="a">CHP 305.23 C3634g [2008-2010]</subfield>
  </datafield>
  <datafield tag="091" ind1=" " ind2=" ">
    <subfield code="a">GEN&#xC7;L&#x130;K 3</subfield>
  </datafield>
  <datafield tag="110" ind1=" " ind2=" ">
    <subfield code="a">Cumhuriyet Halk Partisi (CHP)</subfield>
    <subfield code="b">Gen&#xE7;lik Kollar&#x131;</subfield>
    <subfield code="b">Kocaeli &#x130;l Kolu</subfield>
  </datafield>
  <datafield tag="222" ind1=" " ind2=" ">
    <subfield code="a">Gen&#xE7;lik raporlar&#x131;</subfield>
  </datafield>
  <datafield tag="245" ind1=" " ind2=" ">
    <subfield code="a">[CHP Kocaeli &#x130;l Gen&#xE7;lik Kollar&#x131;n&#x131;n baz&#x131; faaliyet ve raporlar&#x131;]</subfield>
    <subfield code="c">CHP Kocaeli Gen&#xE7;lik Kollar&#x131;</subfield>
  </datafield>
  <datafield tag="246" ind1=" " ind2=" ">
    <subfield code="a">CHP Kocaeli il gen&#xE7;lik kollar&#x131; &#xE7;al&#x131;&#x15F;ma raporlar&#x131;</subfield>
  </datafield>
  <datafield tag="260" ind1=" " ind2=" ">
    <subfield code="a">Ankara</subfield>
    <subfield code="b">CHP Kocaeli Gen&#xE7;lik Kollar&#x131;</subfield>
    <subfield code="c">[2008-2010]</subfield>
  </datafield>
  <datafield tag="300" ind1=" " ind2=" ">
    <subfield code="a">c</subfield>
    <subfield code="c">30 sm.</subfield>
  </datafield>
  <datafield tag="440" ind1=" " ind2=" ">
    <subfield code="a">Cumhuriyet Halk Partisi yay&#x131;nlar&#x131;</subfield>
    <subfield code="p">Raporlar</subfield>
  </datafield>
  <datafield tag="505" ind1=" " ind2=" ">
    <subfield code="a">1)CHP Kocaeli &#x130;l Gen&#xE7;lik Kollar&#x131; faaliyet rapor: &#x15E;ubat-Haziran 2008 - 2) CHP Kocaeli &#x130;l Gen&#xE7;lik Kollar&#x131; Ba&#x15F;kanl&#x131;&#x11F;&#x131; 2010 y&#x131;l&#x131; &#xE7;al&#x131;&#x15F;ma raporu : (Ocak-Nisan 2010) [2008-2010 y&#x131;llar&#x131; &#xE7;al&#x131;&#x15F;ma raporlar&#x131;] - 3) "41 Kere ma&#x15F;allah - AKP yolsuzluklar&#x131;" projesi  -- 4) "41 Kere ma&#x15F;allah - AKP yolsuzluklar&#x131; sergisi - 5) 2008-2010 y&#x131;llar&#x131; gazete k&#xFC;p&#xFC;rleri</subfield>
  </datafield>
  <datafield tag="610" ind1=" " ind2=" ">
    <subfield code="a">CHP</subfield>
    <subfield code="b">Gen&#xE7;lik Kollar&#x131;</subfield>
    <subfield code="b">Kocaeli &#x130;l Kolu</subfield>
    <subfield code="y">&#xC7;al&#x131;&#x15F;ma raporlar&#x131;</subfield>
  </datafield>
  <datafield tag="610" ind1=" " ind2=" ">
    <subfield code="a">CHP</subfield>
    <subfield code="x">Raporlar</subfield>
    <subfield code="y">Gen&#xE7;lik</subfield>
  </datafield>
  <datafield tag="650" ind1=" " ind2=" ">
    <subfield code="a">Gen&#xE7;lik</subfield>
    <subfield code="x">Raporlar</subfield>
    <subfield code="z">T&#xFC;rkiye</subfield>
  </datafield>
  <datafield tag="650" ind1=" " ind2=" ">
    <subfield code="a">Gen&#xE7;ler</subfield>
    <subfield code="x">Siyasal kat&#x131;l&#x131;m</subfield>
    <subfield code="z">T&#xFC;rkiye</subfield>
  </datafield>
  <datafield tag="740" ind1=" " ind2=" ">
    <subfield code="a">CHP gen&#xE7;lik raporlar&#x131;</subfield>
  </datafield>
  <datafield tag="740" ind1=" " ind2=" ">
    <subfield code="a">2008-2010 y&#x131;llar&#x131; gazete k&#xFC;p&#xFC;rleri/ CHP Kocaeli &#x130;l Gen&#xE7;lik Kollar&#x131;</subfield>
  </datafield>
  <datafield tag="740" ind1=" " ind2=" ">
    <subfield code="a">CHP Kocaeli &#x130;l Gen&#xE7;lik Kollar&#x131; faaliyet rapor: &#x15E;ubat-Haziran 2008 </subfield>
  </datafield>
  <datafield tag="740" ind1=" " ind2=" ">
    <subfield code="a">CHP gen&#xE7;lik kollar&#x131; &#xE7;al&#x131;&#x15F;ma raporlar&#x131;</subfield>
  </datafield>
  <datafield tag="740" ind1=" " ind2=" ">
    <subfield code="a">CHP Kocaeli &#x130;l gen&#xE7;lik Kolu &#xE7;al&#x131;&#x15F;ma raporu: 1963-1965 </subfield>
  </datafield>
  <datafield tag="740" ind1=" " ind2=" ">
    <subfield code="a">CHP Kocaeli &#x130;l Gen&#xE7;lik Kollar&#x131; Ba&#x15F;kanl&#x131;&#x11F;&#x131; 2010 y&#x131;l&#x131; &#xE7;al&#x131;&#x15F;ma raporu : (Ocak-Nisan 2010)</subfield>
  </datafield>
  <datafield tag="740" ind1=" " ind2=" ">
    <subfield code="a">CHP Kocaeli &#x130;l Gen&#xE7;lik Kollar&#x131; 2008-2010 y&#x131;llar&#x131; &#xE7;al&#x131;&#x15F;ma raporlar&#x131;</subfield>
  </datafield>
  <datafield tag="740" ind1=" " ind2=" ">
    <subfield code="a">41 Kere ma&#x15F;allah - AKP yolsuzluklar&#x131; projesi  </subfield>
  </datafield>
  <datafield tag="740" ind1=" " ind2=" ">
    <subfield code="a">41 Kere ma&#x15F;allah - AKP yolsuzluklar&#x131; sergisi</subfield>
  </datafield>
  <datafield tag="830" ind1=" " ind2=" ">
    <subfield code="a">CHP raporlar&#x131;</subfield>
  </datafield>
  <datafield tag="942" ind1=" " ind2=" ">
    <subfield code="2">ddc</subfield>
    <subfield code="c">BKS</subfield>
  </datafield>
  <datafield tag="952" ind1=" " ind2=" ">
    <subfield code="a">0001</subfield>
    <subfield code="b">0001</subfield>
    <subfield code="d">2017-02-23</subfield>
    <subfield code="e">2</subfield>
    <subfield code="h">c.14</subfield>
    <subfield code="l">0</subfield>
    <subfield code="o">CHP 305.23 C3634g [2008-2010]</subfield>
    <subfield code="p">016309</subfield>
    <subfield code="r">2017-02-23 00:00:00</subfield>
    <subfield code="v">0.00</subfield>
    <subfield code="w">2017-02-23</subfield>
    <subfield code="y">BKS</subfield>
  </datafield>
  <datafield tag="952" ind1=" " ind2=" ">
    <subfield code="a">0001</subfield>
    <subfield code="b">0001</subfield>
    <subfield code="d">2017-02-23</subfield>
    <subfield code="e">2</subfield>
    <subfield code="l">0</subfield>
    <subfield code="o">CHP 305.23 C3634g [2008-2010]</subfield>
    <subfield code="p">016310</subfield>
    <subfield code="r">2017-02-23 00:00:00</subfield>
    <subfield code="v">0.00</subfield>
    <subfield code="w">2017-02-23</subfield>
    <subfield code="x"> Fotokopi</subfield>
    <subfield code="y">BKS</subfield>
  </datafield>
  <datafield tag="952" ind1=" " ind2=" ">
    <subfield code="a">0001</subfield>
    <subfield code="b">0001</subfield>
    <subfield code="d">2017-02-23</subfield>
    <subfield code="e">2</subfield>
    <subfield code="h">c.2</subfield>
    <subfield code="l">0</subfield>
    <subfield code="o">CHP 305.23 C3634g [2008-2010]</subfield>
    <subfield code="p">016311</subfield>
    <subfield code="r">2017-02-23 00:00:00</subfield>
    <subfield code="v">0.00</subfield>
    <subfield code="w">2017-02-23</subfield>
    <subfield code="x"> renkli foto&#x11F;rafl&#x131;</subfield>
    <subfield code="y">BKS</subfield>
  </datafield>
  <datafield tag="952" ind1=" " ind2=" ">
    <subfield code="a">0001</subfield>
    <subfield code="b">0001</subfield>
    <subfield code="d">2017-02-23</subfield>
    <subfield code="e">2</subfield>
    <subfield code="h">c.3</subfield>
    <subfield code="l">0</subfield>
    <subfield code="o">CHP 305.23 C3634g [2008-2010]</subfield>
    <subfield code="p">016312</subfield>
    <subfield code="r">2017-02-23 00:00:00</subfield>
    <subfield code="v">0.00</subfield>
    <subfield code="w">2017-02-23</subfield>
    <subfield code="x"> sergi foto&#x11F;raflar&#x131;</subfield>
    <subfield code="y">BKS</subfield>
  </datafield>
  <datafield tag="952" ind1=" " ind2=" ">
    <subfield code="a">0001</subfield>
    <subfield code="b">0001</subfield>
    <subfield code="d">2017-02-23</subfield>
    <subfield code="e">2</subfield>
    <subfield code="h">c.4</subfield>
    <subfield code="l">0</subfield>
    <subfield code="o">CHP 305.23 C3634g [2008-2010]</subfield>
    <subfield code="p">016313</subfield>
    <subfield code="r">2017-02-23 00:00:00</subfield>
    <subfield code="v">0.00</subfield>
    <subfield code="w">2017-02-23</subfield>
    <subfield code="x"> Fotokopi gazete k&#xFC;p&#xFC;rleri</subfield>
    <subfield code="y">BKS</subfield>
  </datafield>
  <datafield tag="999" ind1=" " ind2=" ">
    <subfield code="c">4276</subfield>
    <subfield code="d">4276</subfield>
  </datafield>
</record>
